WW1 general knowlege #3 - Statistics

General Stats
  • This quiz has been taken 91 times
  • The average score is 5 of 16
Answer Stats
Hint Answer % Correct
Deadliest battle of ww1 (overall casualties) somme
78%
What was the longest battle of ww1 verdun
76%
Last Kaiser of Germany Wilhelm
69%
Tsar of Russia Nicholas
61%
Nickname of Germany,s most successful flyer Red Baron
42%
This country lost nearly 1/4 of its population in the war Serbia
38%
This man claimed to have been given personal permission by the king of Bavaria to join the Bavarian army Hitler
18%
This man was exiled in Switzerland for most of the war Lenin
18%
Ace flyer in the German army that died in 1945 being in Hitler,s inner circle Goering
15%
Last emperor of Austria Hungary Karl
14%
German defensive line that was broken in 1918 Hindenburg line
11%
This man shot the archduke of Austria-Hungary Gavrilo Princip
8%
Last German colony to surrender in the war (use its name in 1914 not modern name) German East Africa
7%
This gave full German support to Austria-Hungary Blank Check
4%
First quartermaster general in the German army Ludendorff
4%
Germany dealt with this in the port of Kiel in 1918 (1 word) Mutiny
3%
No matching quizzes found
Score Distribution
Percent of People with Each Score
Percentile by Number Answered
Your Score History
You have not taken this quiz